000 00579nam a2200181Ia 4500
008 100920s9999 xx 000 0 und d
082 _b4632
_a891.43 0
100 _aविद्रयालंकार भीमसेन.
245 _aशिवाजी.
260 _bराजपाल एण्ड सन्स ,कश्मीरी गेट, दिल्ली.
_c0
300 _a140
_bसाधी
365 _b2
520 _aहिंदी.
630 _aशिवाजी.
650 _aहिंदी.
730 _aशिवाजी.
942 _cBOOK
999 _c674073
_d674070